Emma Corrin Filmography - Statistics

General Stats
  • This quiz has been taken 8 times
    3 since last reset
  • The average score is 3 of 24
Answer Stats
Type Year Name % Correct
Film 2024 Deadpool & Wolverine
67%
Film 2024 Nosferatu
67%
Web Series 2020 The Crown
67%
Film 2025 100 Nights of Hero
33%
Web Series 2025 Black Mirror
33%
Web Mini-Series TBA Pride and Prejudice
33%
Web Series 2022 Ten Percent
33%
Short Film 2018 Alex's Dream
0%
TV Mini-Series 2023 A Murder at the End of the World
0%
Film 2021 Anna X
0%
Theater 2021 Anna X
0%
Film 2017 Cesare
0%
Film 2023 Good Grief
0%
TV Show 2019 Grantchester
0%
Documentary 2023 Harry Styles: The Finishing Touch
0%
Short Film 2024 Hermit
0%
Film 2022 Lady Chatterley's Lover
0%
Documentary Series 2024 Marvel Studios: Assembled
0%
Film 2020 Misbehaviour
0%
Film 2022 My Policeman
0%
Theater 2022-2023 Orlando
0%
TV Show 2019 Pennyworth
0%
Podcast 2021 The Sandman
0%
Theater 2025 The Seagull
0%
No matching quizzes found
Score Distribution
Percent of People with Each Score
Percentile by Number Answered
Your Score History
You have not taken this quiz since the last reset